| 000 | 00535nam a2200181Ia 4500 | ||
|---|---|---|---|
| 999 |
_c14352 _d14352 |
||
| 003 | OSt | ||
| 005 | 20201020111936.0 | ||
| 008 | 190216s9999||||xx |||||||||||||| ||und|| | ||
| 020 | _a9780143031413 | ||
| 040 | _coclc | ||
| 082 |
_a891.4 _bTAG/H |
||
| 100 | 1 |
_aTagore, Rabindranath _938 _d1861-1941 |
|
| 245 | 0 |
_aHome And The World / _cRabindranath Tagore |
|
| 260 |
_bPenguin Books , _a2005. _cNew Delhi: |
||
| 300 | _a216p | ||
| 650 | _aEnglish-Fiction English | ||
| 942 |
_cBK _2ddc _h891.4 _iTAG/H _k891.4 _mTAG/H |
||